| 000 | 00735nam a2200229 i 4500 | ||
|---|---|---|---|
| 001 | 144614 | ||
| 003 | ES-MaACL | ||
| 005 | 20230906201047.0 | ||
| 007 | t| | ||
| 008 | 150917s1984 sp |||| | spa d | ||
| 020 | _a84-86328-00-4 | ||
| 080 | _a821.134.2-34"18" | ||
| 100 | 1 |
_aAlas, Leopoldo _d1852-1901 _9226375 |
|
| 245 | 1 | 0 |
_aCuentos morales / _cClarín. |
| 260 |
_a[S.l.] : _bMases, _c1984. |
||
| 300 |
_a422 p. ; _c19 cm. |
||
| 490 | 1 |
_aClásicos populares asturianos ; _v1 |
|
| 500 | _aReprod. facsímil de la 1ª ed. de: Madrid : La España Editorial, 1896. | ||
| 830 | 0 |
_aClásicos populares asturianos ; _v1 _9220691 |
|
| 852 |
_aES-MaACL _jL-30145 _z. - Donat. Carmen Zumárraga |
||
| 999 |
_c144614 _d144614 |
||